000 01793nam a2200385 a 4500
003 BLK
005 20230803130837.0
008 180408b bul|||||r ||||||| ||bul||
020 _a9786199146651
040 _aBLK
041 _aBUL
_cBUL
_hENG
080 _aХудожествени музеи
_b069.02:73/76
_x(497.215)
_z069:73/76(497.215)
_9241182
080 _aЖивопис
_b75
_x(497.215)(083.824)
_z75(497.215)(083.824)
245 1 0 _aЩрихи от историята на Художествена галерия - Русе
_cМария Тодорова и др. ; състав. Мария Тодорова, Красимира Кирилова ; репрод. Валентин Русев и др.
246 _aTouches from the History of Art Gallery - Russe
257 _aBGR
260 _bРусе Прес
_c2023
_9209569
_aРусе
_n954-90861-
300 _a144 с.
_bс цв. ил.
_c28 см
380 _a7
500 _aДруги авт.: Елена Великова, Християна Стомонякова, Мартин Петров
650 0 _aХудожествени галерии - България
_9275599
650 7 _aХудожници, български - Русе
_9177064
651 4 _aРусе
_9179462
653 _aхудожници
653 _aРХГ
700 _aТодорова, Мария Василева
_9352133
700 _aКирилова, Красимира Йорданова
_9488607
852 _aЦб ІІ 32082
856 4 _qpdf
_i0.00
_ldisable
942 _cKNG
_n0
_s1
_01
944 _aCR
_c2023-05-19
_k30560
_lГеновева Генчева
944 _aED
_c2023-08-03
_kГГГ
999 _c491695
_d491695
999 _d491695